Every Enemy in the Super Mario Bros Series - Statistics

General Stats
  • This quiz has been taken 82 times
  • The average score is 93 of 586
Answer Stats
Debut Game Enemy % Correct
Super Mario Bros Koopa Troopa
96%
Super Mario Bros Bowser
93%
Super Mario Bros Goomba
93%
Super Mario Bros Koopa Paratroopa
79%
Super Mario Bros Bullet Bill
77%
Super Mario Bros Piranha Plant
77%
Super Mario Bros Cheep Cheep
75%
Super Mario Bros Hammer Bro
75%
Super Mario Bros 3 Boo
74%
Super Mario Bros Spiny
74%
Super Mario Bros Lakitu
72%
Super Mario Sunshine Bowser Jr.
70%
Super Mario Bros 3 Spike
70%
Super Mario Bros 2 Shy Guy
68%
Super Mario Bros 3 Ludwig
67%
Super Mario Bros 2 Bob-omb
65%
Super Mario Bros 3 Morton
63%
Super Mario Bros 3 Paragoomba
63%
Super Mario Bros Blooper
61%
Super Mario Bros 3 Lemmy
61%
Super Mario Bros 3 Wendy
61%
Super Mario Bros Buzzy Beetle
60%
Super Mario Sunshine King Boo
60%
Super Mario Bros 2 Pokey
60%
Super Mario Bros 3 Thwomp
60%
Super Mario Bros 3 Iggy
58%
Super Mario Bros 3 Larry
58%
Super Mario Bros 3 Roy
58%
Super Mario World Banzai Bill
56%
Bowser's Fury Cat
56%
Super Mario Bros 3 Fire Brother
56%
Super Mario 64 King Bob-omb
56%
Super Mario Galaxy Monty
56%
Super Mario Bros 3 Dry Bones
54%
Super Mario 64 Whomp
54%
Super Mario World Wiggler
54%
Super Mario Bros 3 Chain Chomp
53%
Super Mario Bros 3 Boom Boom
51%
New Super Mario Bros Wii Ice Brother
51%
New Super Mario Bros Wii Kamek
51%
Super Mario Sunshine Petey Piranha
51%
Super Mario Bros 2 Birdo
49%
Super Mario World Big Boo
47%
Super Mario Bros 3 Boomerang Brother
47%
Super Mario Bros Lava Bubble
47%
Super Mario World Galoomba
46%
Super Mario 3D Land Pom Pom
44%
Super Mario 3D World Cat Goomba
42%
Super Mario World Chargin' Chuck
42%
Super Mario World Monty Mole
42%
Super Mario Sunshine Shadow Mario
42%
Super Mario Land 2: 6 Golden Coins Wario
42%
Super Mario 64 Bully
39%
New Super Mario Bros Dry Bowser
39%
Super Mario Bros 3 Venus Fire Trap
39%
Super Mario World Fuzzy
37%
Super Mario World Magikoopa
37%
Super Mario Bros 3 Sledge Brother
35%
Super Mario Land 2: 6 Golden Coins Bee
33%
Super Mario Bros 3 Big Goomba
33%
Super Mario Bros 2 Mouser
33%
Super Mario World Sumo Brother
33%
Super Mario Odyssey T-Rex
33%
Super Mario Bros 2 Wart
33%
Super Mario Land Tatanga
32%
New Super Mario Bros U | Super Mario World Torpedo Ted
32%
Super Mario Bros 3 Angry Sun
30%
Super Mario Bros 3 Big Piranha Plant
30%
New Super Mario Bros Cheep Chomp
30%
Super Mario 3D Land Coin Coffer
30%
Super Mario Galaxy Dino Piranha
30%
Super Mario Bros 3 Fire Chomp
30%
Super Mario 64 Fly Guy
30%
New Super Mario Bros U Goombrat
30%
New Super Mario Bros Wii King Bill
30%
Super Mario World Mechakoopa
30%
Super Mario Bros 2 Phanto
30%
Super Mario Odyssey Spewart
30%
Super Mario World Swooper
30%
Super Mario World Thwimp
30%
Super Mario 64 Unagi
30%
Super Mario 3D Land Biddybud
28%
Super Mario 64 Big Bully
28%
Super Mario Sunshine Cataquack
28%
New Super Mario Bros Deep Cheep
28%
Super Mario World Fishbone
28%
Super Mario 3D World Meowser
28%
Super Mario Bros 3 Missile Bill
28%
Super Mario Bros 3 Muncher
28%
Super Mario World Porcupuffer
28%
Super Mario Odyssey Rango
28%
Super Mario World Rex
28%
Super Mario Odyssey Topper
28%
Super Mario Land 2: 6 Golden Coins Ant
26%
Super Mario Odyssey Harriet
26%
Super Mario Galaxy King Kaliente
26%
Super Mario 64 Klepto
26%
Super Mario Odyssey Pokio
26%
Super Mario World Reznor
26%
Super Mario Bros 3 Rocky Wrench
26%
Super Mario World Spike Top
26%
Super Mario 64 Whomp King
26%
Super Mario 64 Amp
25%
Super Mario 3D World Big Galoomba
25%
Super Mario Bros 3 Big Koopa Troopa
25%
Super Mario 64 Chuckya
25%
Super Mario Odyssey Madame Broode
25%
Super Mario Bros 3 Micro-Goomba
25%
Super Mario Bros 2 Ninji
25%
Super Mario Galaxy Octoomba
25%
Super Mario 3D World Parabones
25%
Super Mario 3D Land Peepa
25%
Super Mario Odyssey Poison Piranha Plant
25%
Super Mario Bros 2 Snifit
25%
Super Mario 3D Land Stingby
25%
Super Mario World Urchin
25%
New Super Mario Bros 2 Bone Goomba
23%
New Super Mario Bros | New Super Mario Bros U Broozer
23%
Super Mario 64 Chill Bully
23%
Super Mario 3D World Conkdor
23%
Super Mario World Dino-Rhino
23%
Super Mario Bros 3 Fire Snake
23%
New Super Mario Bros 2 Gold Goomba
23%
Super Mario Land Goombo
23%
Super Mario Odyssey Mechawiggler
23%
Super Mario Galaxy Megaleg
23%
Super Mario 3D Land Para-Biddybud
23%
Super Mario Bros 3 Ptooie
23%
New Super Mario Bros Snow Spike
23%
Super Mario 64 Tox Box
23%
Super Mario 3D World Ty-foo
23%
Super Mario 64 Ukiki
23%
New Super Mario Bros U Venus Ice Trap
23%
Super Mario 3D World Ant Trooper
21%
Super Mario Galaxy Bat
21%
New Super Mario Bros Wii Big Fuzzy
21%
Super Mario Bros 3 Blooper Nanny
21%
Super Mario Galaxy Bomb Boo
21%
New Super Mario Bros U | Super Mario World Bony Beetle
21%
Super Mario 3D World Cat Bullet Bill
21%
Super Mario Galaxy Chomp
21%
Super Mario Galaxy 2 Digga
21%
Super Mario 64 Eyerok
21%
New Super Mario Bros Wii Foo
21%
New Super Mario Bros 2 Gold Koopa
21%
New Super Mario Bros U Nabbit
21%
Super Mario 64 Scuttlebug
21%
Super Mario Sunshine Strollin' Stu
21%
Super Mario Odyssey Tropical Wiggler
21%
Super Mario Galaxy Baron Brrr
19%
Super Mario Bros 3 Big Bertha
19%
New Super Mario Bros Big Thwomp
19%
Super Mario World Boo Buddy
19%
Super Mario Bros 3 Boss Bass
19%
Super Mario Galaxy Bouldergeist
19%
Super Mario Odyssey Cookatiel
19%
New Super Mario Bros Wii Eep Cheep
19%
Super Mario World Fishin' Boo
19%
Bowser's Fury Fury Bowser
19%
New Super Mario Bros U Grrrol
19%
Super Mario Odyssey Gushen
19%
Super Mario 3D World Hisstocrat
19%
Super Mario Galaxy Kamella
19%
New Super Mario Bros Lakithunder
19%
Super Mario Galaxy 2 Magmaargh
19%
Super Mario Odyssey Maw-Ray
19%
Super Mario Sunshine Mecha-Bowser
19%
New Super Mario Bros Mega Cheep Cheep
19%
Super Mario 64 Moneybag
19%
Super Mario 64 Mr. I
19%
Super Mario Bros 3 Nipper Plant
19%
Super Mario Bros 3 Parabeetle
19%
Super Mario 3D World Piranha Creeper
19%
Super Mario 3D World Snow Pokey
19%
Super Mario World Super Koopa
19%
Super Mario Galaxy Undergrunt
19%
Super Mario Odyssey Urban Stingby
19%
Super Mario World Blargg
18%
New Super Mario Bros U | New Super Mario Bros Wii Bramball
18%
Super Mario 64 Clam
18%
Super Mario Bros 2 Cobrat
18%
Super Mario World Dino-Torch
18%
Super Mario Galaxy Fiery Dino Piranha
18%
New Super Mario Bros 2 | Super Mario Sunshine Gold Bullet Bill
18%
New Super Mario Bros 2 Gold Lakitu
18%
Super Mario 3D World King Ka-thunk
18%
Super Mario Galaxy Mandibug
18%
New Super Mario Bros Mega Goomba
18%
New Super Mario Bros Mummipokey
18%
Super Mario Galaxy 2 Prince Pikante
18%
Super Mario World Rip Van Fish
18%
Super Mario Odyssey Sherm
18%
Super Mario 64 Skeeter
18%
New Super Mario Bros Squiggler
18%
Super Mario 64 Sushi
18%
Super Mario Odyssey Uproot
18%
Super Mario Galaxy 2 Whimp
18%
Super Mario Bros 2 Albatoss
16%
Super Mario Bros 2 Beezo
16%
New Super Mario Bros 2 Big Chain Chomp
16%
New Super Mario Bros Big Dry Bones
16%
Super Mario Bros 3 Big Koopa Paratroopa
16%
Super Mario 64 Big Mr. I
16%
New Super Mario Bros Big Whomp
16%
New Super Mario Bros Blockhopper
16%
Super Mario 64 Bub
16%
Super Mario Bros 3 Buster Beetle
16%
Super Mario 3D World Charvaargh
16%
Super Mario Galaxy Cosmic Mario
16%
New Super Mario Bros Crowber
16%
Super Mario World Fishin' Lakitu
16%
Super Mario Bros 2 Flurry
16%
Super Mario Bros 2 Fryguy
16%
Super Mario Galaxy 2 Gobblegut
16%
New Super Mario Bros 2 Gold Piranha Plant
16%
Super Mario 64 Heave Ho
16%
Super Mario Bros 3 Jelectro
16%
Super Mario Odyssey Knucklotec
16%
Super Mario Bros 3 Lava Lotus
16%
Super Mario 64 Mad Piano
16%
New Super Mario Bros Mega Wiggler
16%
New Super Mario Bros Monty Tank
16%
Super Mario Galaxy 2 Peewee Piranha
16%
Super Mario 3D World Prince Bully
16%
Super Mario Odyssey Robo Brood
16%
Super Mario 3D Land Sandmaargh
16%
Super Mario Bros 3 Spiny Cheep Cheep
16%
New Super Mario Bros Wii Stalking Piranha Plant
16%
New Super Mario Bros Wii Stone Spike
16%
Super Mario Bros 3 Stretch
16%
Super Mario Odyssey Torkdrift
16%
New Super Mario Bros U Waddlewing
16%
New Super Mario Bros Balloon Boo
14%
Super Mario Galaxy Big Amp
14%
New Super Mario Bros U Big Buzzy Beetle
14%
Super Mario 64 Big Venus Fire Trap
14%
Super Mario Galaxy Bugaboom
14%
New Super Mario Bros Wii Cooligan
14%
Super Mario Galaxy 2 Digga-Leg
14%
New Super Mario Bros U Dragoneel
14%
New Super Mario Bros Wii Huckit Crab
14%
New Super Mario Bros Kab-omb
14%
Super Mario Galaxy Kingfin
14%
Super Mario Odyssey Moe-Eye
14%
Super Mario Odyssey Mollusque-Lanceur
14%
Super Mario Bros 2 Pidgit
14%
New Super Mario Bros Wii River Piranha Plant
14%
Super Mario Odyssey Ruined Dragon
14%
Super Mario Bros 3 Shoe Goomba
14%
Super Mario 3D World Skipsqueak
14%
New Super Mario Bros Snailicorn
14%
Super Mario Odyssey Stairface Ogre
14%
Super Mario Galaxy Topman
14%
Super Mario 3D Land Wallop
14%
Super Mario World Amazing Flyin' Hammer Brother
12%
Super Mario 3D World Big Ant Trooper
12%
New Super Mario Bros Wii Big Urchin
12%
Super Mario Land Bombshell Koopa
12%
New Super Mario Bros 2 Boohemoth
12%
Super Mario 3D World Brolder
12%
Super Mario Odyssey Broode's Chain Chomp
12%
New Super Mario Bros Wii Bulber
12%
Super Mario Odyssey Burrbo
12%
New Super Mario Bros Cheepskipper
12%
Super Mario Odyssey Chincho
12%
Super Mario Bros 2 Clawgrip
12%
Super Mario Galaxy 2 Cosmic Clone
12%
Super Mario 3D Land Draglet
12%
Super Mario Sunshine Eely-Mouth
12%
Super Mario Galaxy 2 Elite Octoomba
12%
New Super Mario Bros U Fliprus
12%
Super Mario 64 Fwoosh
12%
New Super Mario Bros 2 Gold Boo
12%
New Super Mario Bros 2 Gold Cheep Cheep
12%
Super Mario 64 Grindel
12%
Super Mario Bros 3 Hot Foot
12%
Super Mario 3D Land Inky Piranha Plant
12%
New Super Mario Bros Wii Jellybeam
12%
Super Mario 3D World Ka-thunk
12%
Super Mario Bros 2 Mask Gate
12%
New Super Mario Bros Mega Unagi
12%
Super Mario Bros Wonder Missile Meg
12%
Super Mario 3D World Motley Bossblob
12%
Super Mario Galaxy Octoguy
12%
Super Mario Bros 3 Pile Driver Micro-Goomba
12%
Super Mario Galaxy Pokey Head
12%
Super Mario Galaxy 2 Rhomp
12%
Super Mario Odyssey Snow Cheep Cheep
12%
Super Mario Bros 2 Spark
12%
Super Mario 3D Land Tail Goomba
12%
Super Mario Galaxy Tarantox
12%
Super Mario Galaxy Topmaniac
12%
Super Mario Bros 2 Tweeter
12%
Super Mario Bros 2 Whale
12%
Super Mario Land 2: 6 Golden Coins Witch
12%
Super Mario 64 Bomp
11%
Super Mario 3D World Boss Brolder
11%
Super Mario 3D World Cat Banzai Bill
11%
Super Mario World Eerie
11%
Super Mario 3D Land Fake Block
11%
Super Mario 3D World Fuzzler
11%
Super Mario World Jumping Piranha Plant
11%
Super Mario Galaxy Li'l Brr
11%
Super Mario World Lil Sparky
11%
Super Mario Odyssey Magmato
11%
Super Mario Galaxy 2 Magmaw
11%
New Super Mario Bros Mega Deep Cheep
11%
Super Mario World Mega Mole
11%
Super Mario Odyssey Mega Poison Piranha Plant
11%
Super Mario 3D Land Morty Mole
11%
Super Mario Bros 2 Ostro
11%
Super Mario Bros 2 Panser
11%
Super Mario Bros 2 Porcupo
11%
Super Mario 3D World Queen Hisstocrat
11%
Super Mario 64 Spindrift
11%
Super Mario Bros 2 Tryclyde
11%
Super Mario 3D World Walleye
11%
Super Mario Bros Wonder Anglefish
9%
Super Mario Bros Wonder Armad
9%
Super Mario Odyssey Astro-Lanceur
9%
Super Mario 3D World Blockstepper
9%
Super Mario 3D Land Blokkablok
9%
Super Mario World Blurp
9%
Super Mario Land Bullet Biff
9%
Super Mario Bros Wonder Bulrush
9%
Super Mario Sunshine Chain Chomplet
9%
New Super Mario Bros Wii Clampy
9%
Super Mario Sunshine Glooper Blooper
9%
Super Mario Galaxy Gringill
9%
New Super Mario Bros Wii Heavy Parabeetle
9%
New Super Mario Bros Wii Hefty Goomba
9%
Super Mario Bros 2 Hoopster
9%
Super Mario World Hothead
9%
Super Mario Galaxy Jack O' Goomba
9%
Super Mario Land King Totomesu
9%
Super Mario Galaxy Li'l Cinder
9%
Super Mario 3D World Madpole
9%
Super Mario Galaxy Major Burrows
9%
New Super Mario Bros U Mecha Cheep
9%
Super Mario 64 Mr. Blizzard
9%
Super Mario Galaxy 2 Octoboo
9%
Super Mario Sunshine Phantamanta
9%
Super Mario Sunshine Polluted Piranha Plant
9%
New Super Mario Bros Wii Prickly Goomba
9%
Super Mario 3D World Rammerhead
9%
Super Mario Bros Wonder Rolla Koopa
9%
New Super Mario Bros Wii Scaredy Rat
9%
Super Mario Bros Wonder Shova
9%
Super Mario 64 Spindel
9%
New Super Mario Bros Splunkin
9%
Super Mario Bros Wonder Sproing
9%
Super Mario 3D Land Tail Boo
9%
Super Mario Galaxy Tweester
9%
Super Mario Galaxy 2 Twirlip
9%
Super Mario Galaxy Undergrunt Gunner
9%
Super Mario Land Batadon
7%
Super Mario 3D World Blue Lava Bubble
7%
Super Mario 64 Bookend
7%
Super Mario Bros 3 Bowser's Statue
7%
Super Mario Bros Wonder Condart
7%
Super Mario Land Fighter Fly
7%
Super Mario Galaxy Flipbug
7%
Super Mario Galaxy 2 Flomp
7%
Super Mario 3D World Hop-Chop
7%
Super Mario Bros Wonder Hoppo
7%
Super Mario 3D World Horned Ant Trooper
7%
Super Mario Sunshine Jumping Blooper
7%
Super Mario Odyssey Komboo
7%
Super Mario Bros Wonder Maw-Maw
7%
Super Mario Bros Wonder Melon Piranha Plant
7%
New Super Mario Bros Wii Missile Banzai Bill
7%
Super Mario Galaxy | Super Mario Land 2: 6 Golden Coins Octopus
7%
Super Mario World Paragaloomba
7%
Super Mario Sunshine Plungelo
7%
Super Mario Galaxy Prickly Piranha Plant
7%
Super Mario 3D Land Prongo
7%
Super Mario 3D World Skating Goomba
7%
Super Mario 64 Snufit
7%
New Super Mario Bros Spike Bass
7%
Super Mario Land 2: 6 Golden Coins Spikey
7%
Super Mario 3D World Spiny Skipsqueak
7%
Super Mario Galaxy 2 Squizzard
7%
Super Mario Land 2: 6 Golden Coins Star
7%
Super Mario 3D Land Tail Bullet Bill
7%
Super Mario 3D Land Tail Thwomp
7%
Super Mario Land Tokotoko
7%
Super Mario Odyssey Trapeetle
7%
Super Mario Bros Wonder Trottin' Piranha Plant
7%
Super Mario Bros 2 Trouter
7%
Super Mario World Volcano Lotus
7%
Super Mario Bros 2 Autobomb
5%
New Super Mario Bros 2 Big Bone Piranha Plant
5%
Super Mario Bros 2 Big Ninji
5%
Super Mario Odyssey Bitefrost
5%
Super Mario 3D World Blurker
5%
Super Mario Galaxy Bonefin
5%
Super Mario Galaxy 2 Boomsday Machine
5%
Super Mario 64 Bubba
5%
Super Mario Odyssey Chef Bro
5%
Super Mario Land Chicken
5%
Super Mario Galaxy Cosmic Luigi
5%
Super Mario Galaxy 2 Fiery Gobblegut
5%
Super Mario 3D World | Super Mario Galaxy 2 Fizzlit
5%
Super Mario Galaxy 2 Flaptack
5%
Super Mario 3D World Flopter
5%
Super Mario Bros Wonder Gnawsher
5%
New Super Mario Bros 2 Gold Banzai Bill
5%
New Super Mario Bros 2 Gold Big Boo
5%
Super Mario Land Hiyoihoi
5%
Super Mario Bros Wonder Konk
5%
Super Mario 64 Manta Ray
5%
New Super Mario Bros U Mega Grrrol
5%
Super Mario Bros Wonder Mumsie
5%
Super Mario Sunshine Piranhabon
5%
Super Mario Land 2: 6 Golden Coins Sewer Rat
5%
Super Mario Galaxy 2 Silver Chomp
5%
Super Mario Bros Wonder Skedaddler
5%
Super Mario Galaxy Slurple
5%
Super Mario Sunshine Smolderin' Stu
5%
Super Mario Galaxy 2 Sorbetti
5%
Super Mario 3D Land Spike Eel
5%
Super Mario 3D World Splorch
5%
Super Mario 3D World Splounder
5%
Super Mario Galaxy Spoing
5%
Super Mario Galaxy Sprangler
5%
Super Mario Galaxy Spring Topman
5%
Super Mario Sunshine Swipin' Stu
5%
Super Mario Bros Wonder Taily
5%
New Super Mario Bros U Targeting Ted
5%
Super Mario Galaxy Topmini
5%
Super Mario Bros Wonder Wubba
5%
Super Mario Galaxy Astro Goomba
4%
New Super Mario Bros U Baby Dragoneel
4%
Super Mario Land 2: 6 Golden Coins Bear
4%
Super Mario Bros Wonder Blewbird
4%
Super Mario Bros Wonder Bloomp
4%
Super Mario Land Bunbun
4%
Super Mario 64 Chair
4%
Super Mario Land 2: 6 Golden Coins Chikunto
4%
Super Mario Galaxy Chomp Pup
4%
Super Mario Galaxy Cluckboom
4%
Super Mario Galaxy Crabber
4%
Super Mario Land 2: 6 Golden Coins Dokanto
4%
Bowser's Fury Fury Shadow
4%
Super Mario Land Gao
4%
Super Mario Galaxy 2 Giga Lakitu
4%
Super Mario Galaxy | Super Mario Galaxy 2 Ground Urchin
4%
Super Mario Bros Wonder Hoppycat
4%
Super Mario Sunshine Lava Cheep Cheep
4%
Super Mario World Mask Koopa
4%
Super Mario Galaxy 2 Mattermouth
4%
Super Mario Galaxy 2 Megahammer
4%
Super Mario World Pidgit Bill
4%
Super Mario Galaxy 2 Pinhead
4%
New Super Mario Bros U Piranha Pod
4%
Super Mario Bros Wonder Pokipede
4%
Super Mario Sunshine Red Boo
4%
Super Mario Bros Wonder Revver
4%
Super Mario Bros Wonder Rrrumba
4%
Super Mario Sunshine Sleepy Boo
4%
Super Mario Bros 2 Small Fry Guy
4%
Super Mario Galaxy 2 Snoodle
4%
Super Mario Sunshine Snooza Koopa
4%
Super Mario Galaxy Spiky Topman
4%
Super Mario Sunshine Swoopin' Stu
4%
Super Mario Sunshine Wind Spirit
4%
Super Mario Odyssey Yoofoe
4%
Super Mario Land 2: 6 Golden Coins Aqua Goomba
2%
Super Mario Land 2: 6 Golden Coins Battle Beetle
2%
Super Mario Land 2: 6 Golden Coins Big Bird
2%
Super Mario 3D Land Big Cosmic Clone
2%
Super Mario Galaxy Big Gringill
2%
Super Mario Sunshine Blue Electrokoopa
2%
New Super Mario Bros 2 Blue Goomba
2%
Super Mario 3D World Cat Bully
2%
Super Mario Land Chikako
2%
Super Mario Galaxy 2 Choppah
2%
Super Mario 64 Coffin
2%
Super Mario Sunshine Coo Coo
2%
Super Mario Sunshine Dango
2%
Super Mario Land Dragonzamasu
2%
Super Mario Galaxy Eye Beamer
2%
Super Mario Galaxy Golden Chomp
2%
New Super Mario Bros 2 Gold Micro Goomba
2%
New Super Mario Bros 2 Gold Paragoomba
2%
Super Mario 3D World Grumblump
2%
Super Mario Sunshine Guided Bullet Bill
2%
Super Mario Bros Wonder Hot-Hot Rock
2%
Super Mario Galaxy Ice Bat
2%
Super Mario Land 2: 6 Golden Coins Jack-in-the-Box
2%
Super Mario Galaxy Jammyfish
2%
Super Mario World Jumping Pumpkin Plant
2%
Super Mario Galaxy 2 Kleptoad
2%
Super Mario World Mask Paratroopa
2%
Super Mario Sunshine Piranha Head
2%
Super Mario Galaxy Puffer Fish
2%
Super Mario Galaxy 2 Pupdozer
2%
Super Mario Bros Wonder Raargh
2%
Super Mario Sunshine Red Electrokoopa
2%
Super Mario Bros Wonder Rift Koopa
2%
Super Mario Sunshine Seedy Pod
2%
Super Mario Galaxy Sentry Beam
2%
Super Mario Land 2: 6 Golden Coins Skeleton Bee
2%
Bowser's Fury Small Rammerhead
2%
Super Mario Galaxy 2 Smeech
2%
Super Mario Galaxy Starbag
2%
Super Mario Bros Wonder Sugarstar
2%
Super Mario Land Suu
2%
Super Mario Galaxy 2 Swaphopper
2%
Super Mario Bros Wonder Swirlypod
2%
Super Mario 3D Land Tail Bob-omb
2%
Super Mario Land 2: 6 Golden Coins Three Little Pigheads
2%
Super Mario Land 2: 6 Golden Coins Bee Fly
0%
Super Mario Land 2: 6 Golden Coins Bēro
0%
Super Mario Land 2: 6 Golden Coins Bībī
0%
Super Mario Land Biokinton
0%
Super Mario Land 2: 6 Golden Coins Bomubomu
0%
Super Mario Land 2: 6 Golden Coins Bopping Toady
0%
New Super Mario Bros U Bowser Amp
0%
Super Mario Land 2: 6 Golden Coins Būichi
0%
Super Mario 3D World Cat Biddybud
0%
Super Mario 3D World Cat Bob-omb
0%
Super Mario Land 2: 6 Golden Coins Dondon
0%
Super Mario Land 2: 6 Golden Coins Fireball Boy
0%
Super Mario Land 2: 6 Golden Coins Floating Face
0%
Super Mario 3D Land Flophopper
0%
Super Mario Land Ganchan
0%
Super Mario Land 2: 6 Golden Coins Ghost Goomba
0%
Super Mario Galaxy 2 Golden Gummit
0%
Super Mario Land 2: 6 Golden Coins Goronto
0%
Super Mario Land 2: 6 Golden Coins Grubby
0%
Super Mario Galaxy 2 Gummit
0%
Super Mario Land Gunion
0%
Super Mario Sunshine Hatopop
0%
Super Mario Galaxy Heavy Metal Mecha-Bowser
0%
Super Mario Land Honen
0%
Super Mario Bros Wonder Houhou
0%
Super Mario Sunshine Huge Red Electrokoopa
0%
Super Mario Galaxy Jump Guarder
0%
Super Mario Land 2: 6 Golden Coins Karakara
0%
Super Mario Land 2: 6 Golden Coins Keipu
0%
Super Mario Land 2: 6 Golden Coins Kiddokatto
0%
Bowser's Fury Kitten
0%
Super Mario Sunshine Klamber
0%
Super Mario Land Kumo
0%
Super Mario 64 Kuromame
0%
Super Mario Land 2: 6 Golden Coins Kyororo
0%
Super Mario Land 2: 6 Golden Coins Kyotonbo
0%
Super Mario Galaxy Lava Bouncer
0%
Super Mario Galaxy Li'l Springy
0%
Super Mario Land Mekabon
0%
Super Mario Galaxy Mikey Mine
0%
Super Mario Land 2: 6 Golden Coins Neijī
0%
Super Mario Land 2: 6 Golden Coins Noko Bombette
0%
Super Mario Land Nokobon
0%
Super Mario Land Nyololin
0%
Super Mario Land Pionpi
0%
Super Mario Sunshine Pokey Sprout
0%
Super Mario Land Pompon Flower
0%
Super Mario Land 2: 6 Golden Coins Poro
0%
Super Mario Galaxy Preying Mantas
0%
Super Mario Land 2: 6 Golden Coins Ragumo
0%
Super Mario Land 2: 6 Golden Coins Rerere
0%
Super Mario Land Roketon
0%
Super Mario Bros Wonder Smorgin
0%
Super Mario Galaxy 2 Spiky Gummit
0%
Super Mario Galaxy 2 Spiky Stretch Plant
0%
Super Mario Galaxy 2 Spiny Hermit
0%
Super Mario Galaxy Spring Robot
0%
Super Mario Land Tamao
0%
Super Mario Bros Wonder Tobī
0%
Super Mario Land Torion
0%
Super Mario Land 2: 6 Golden Coins Toriuo
0%
Super Mario Land 2: 6 Golden Coins Unera
0%
Super Mario Galaxy 2 Venus Flower Trap
0%
Super Mario Sunshine Winged Strollin' Stu
0%
Super Mario Land Yurarin
0%
Super Mario Land Yurarin Boo
0%
No matching quizzes found
Score Distribution
Percent of People with Each Score
Percentile by Number Answered
Your Score History
You have not taken this quiz